|
|
|
|
| LEADER |
00000nab a2200000u 4500 |
| 001 |
vtls011989083 |
| 003 |
SK-MaSNL |
| 005 |
20260304021835.0 |
| 008 |
200825|20200424xo ||||||| || ||slo| |
| 038 |
|
|
|a KEVKJB
|
| 040 |
|
|
|a KEVKJB
|b slo
|e rda
|
| 041 |
0 |
|
|a slo
|
| 043 |
|
|
|a e-xo---
|
| 044 |
|
|
|a xo
|c SK
|
| 072 |
|
7 |
|a 791/793
|x Divadlo, film, tanec (všeobecne)
|2 konspekt
|
| 080 |
|
|
|a 791/792.071.2
|2 2011
|
| 100 |
1 |
|
|a Dohovič, Svjatoslav
|4 ivr
|9 331929
|
| 245 |
1 |
0 |
|a Nesmieme dopustiť, aby sa takáto hrôza zopakovala
|b uznávaná herečka v Košiciach stvárňuje Annu Frankovú
|c Svjatoslav Dohovič
|
| 300 |
|
|
|b Fotografie
|
| 336 |
|
|
|a text
|b txt
|2 rdacontent
|
| 337 |
|
|
|a bez média
|b n
|2 rdamedia
|
| 338 |
|
|
|a zväzok
|b nc
|2 rdacarrier
|
| 600 |
1 |
7 |
|a Pauhofová, Táňa,
|d 1983-
|2 SNKMA
|9 103520
|
| 610 |
2 |
7 |
|a Štátne divadlo Košice
|2 SNKKA
|9 120184
|
| 630 |
0 |
7 |
|a Denník Anny Frankovej (tanečné divadlo)
|2 kevkjb
|9 1087933
|
| 650 |
0 |
7 |
|a herečky
|2 SNKPH
|9 59028
|
| 651 |
|
7 |
|a Košice (Slovensko)
|2 SNKPHgeo
|9 18694
|
| 655 |
|
7 |
|a rozhovory
|2 SNKPH
|9 31831
|
| 700 |
1 |
|
|a Pauhofová, Táňa,
|d 1983-
|4 ive
|9 103520
|
| 773 |
0 |
|
|t Korzár
|g Roč. XXIII., č. 95 (24.4.2020)
|x 2585-7355
|
| 773 |
0 |
8 |
|i Príloha:
|t Pohoda 1939-1945
|g S. V
|
| 852 |
|
|
|a KEVKJB
|b KIS3GCP
|
| 856 |
4 |
1 |
|u https://kosice.korzar.sme.sk/c/22389951/tana-pauhofova-nesmieme-dopustit-aby-sa-hrozy-opakovali.html
|
| 999 |
|
|
|c 2608021
|d 2609951
|